<?xml version="1.0" encoding="UTF-8"?>
<marc:record xmlns:marc="http://www.loc.gov/MARC21/slim">
   <marc:leader>00000nam a2200000 a 4500</marc:leader>
   <marc:datafield ind1="1" ind2=" " tag="100">
      <marc:subfield code="a">Sander, Helke</marc:subfield>
      <marc:subfield code="4">aut</marc:subfield>
      <marc:subfield code="e">Verfasser/-in</marc:subfield>
   </marc:datafield>
   <marc:datafield ind1="1" ind2=" " tag="100">
      <marc:subfield code="a">Farocki, Harun</marc:subfield>
      <marc:subfield code="4">aut</marc:subfield>
      <marc:subfield code="e">Verfasser/-in</marc:subfield>
   </marc:datafield>
   <marc:datafield ind1="1" ind2=" " tag="100">
      <marc:subfield code="a">Ziewer, Christian</marc:subfield>
   </marc:datafield>
   <marc:datafield ind1="0" ind2="0" tag="245">
      <marc:subfield code="a">Brecht die Macht der Manipulateure</marc:subfield>
   </marc:datafield>
   <marc:datafield ind1="0" ind2="0" tag="245">
      <marc:subfield code="c">Stimme: Christian Ziewer; Drehbuch: Helke Sander, Harun Farocki; Produktion: Harun Farocki; Regie: Helke Sander; Kamera: Skip Norman</marc:subfield>
   </marc:datafield>
   <marc:datafield ind1=" " ind2="1" tag="264">
      <marc:subfield code="a">Potsdam</marc:subfield>
      <marc:subfield code="b">filmwerte GmbH</marc:subfield>
      <marc:subfield code="c">2022</marc:subfield>
   </marc:datafield>
   <marc:datafield ind1="1" ind2=" " tag="520">
      <marc:subfield code="a">Der Film entstand im Seminar von Otto F. Gmelin in der sich an der dffb formierenden, politisch aktiven &#x84;Gruppe 3&#x93;, die sich nach dem Tod von Benno Ohnesorg im Herbst 1967 gegründet hatte, darunter u.a. Hartmut Bitomsky, Harun Farocki und Helke Sander. BRECHT DIE MACHT DER MANIPULATEURE (1967/68) dokumentiert Helke Sanders Auseinandersetzung mit der Anti-Springer-Kampagne der Studentenbewegung sowie deren Folgen.</marc:subfield>
   </marc:datafield>
   <marc:datafield ind1=" " ind2=" " tag="041">
      <marc:subfield code="a">ger</marc:subfield>
   </marc:datafield>
   <marc:datafield ind1=" " ind2=" " tag="300">
      <marc:subfield code="a">1 Online-Ressource (49 min), Bild: 1:1,33 HD</marc:subfield>
   </marc:datafield>
</marc:record>
